000 00545nam a2200205Ia 4500
003 GCL
008 140319s9999 xx 000 0 eng d
040 _aGCL /
_cGCL
082 0 4 _aCHC
_b782.7
_bA U
100 1 _aAMERY, HEATHER
245 1 0 _aTHE USBORNE CHILDREN'S SONGBOOK /
_cAMERY, HEATHER
700 1 _aCARWIRHGT, STEPHEN
260 _a[S.N] :
_bUSBORNE PUBLISHING LTD ،
_c1988
300 _a64 P
650 0 4 _aCHILDREN
650 0 4 _aCHILDREN - BOOKS
650 0 4 _aCHILDREN - VOICE
650 0 4 _aCHILDREN - SONGS
942 _2ddc
_cBK
999 _c14901
_d14901